| 000 | 01001cam a2200205 4500 | ||
|---|---|---|---|
| 001 | WB3721-06 | ||
| 008 | 000000n2001 000 0 eng u | ||
| 035 | _a(Sirsi) u112873 | ||
| 245 | _aNew joint approach over contaminated land reuse | ||
| 260 | _c2001 | ||
| 490 |
_aUrban Environment Today _v(122) 24 May 2001, 2(1) |
||
| 520 | _aThe Environment Agency and local authorities should work more closely together to manage the reuse of contaminated land according to a new framework agreed with the Local Government Association. This would help establish good practice between the councils and the Environment Agency where communication is not at present taking place. The Land Contamination Protocol is on the LGA website at http://www.lga.gov.uk/lga/publicprotection/environment | ||
| 590 | _aWB | ||
| 650 | _aLOCAL AUTHORITIES | ||
| 650 | _aCONTAMINATED LAND | ||
| 650 | _aENVIRONMENT AGENCY | ||
| 650 | _aLAND CONTAMINATION PROTOCOL | ||
| 690 | _aENVIRONMENT-CONTAMINATION | ||
| 942 | _n0 | ||
| 999 |
_c67191 _d67191 |
||